<?xml version="1.0" encoding="UTF-8"?><?xml-stylesheet type="text/xsl" href="static/style.xsl"?><OAI-PMH xmlns="http://www.openarchives.org/OAI/2.0/" xmlns:xsi="http://www.w3.org/2001/XMLSchema-instance" xsi:schemaLocation="http://www.openarchives.org/OAI/2.0/ http://www.openarchives.org/OAI/2.0/OAI-PMH.xsd"><responseDate>2026-04-27T21:43:59Z</responseDate><request verb="GetRecord" identifier="oai:uvadoc.uva.es:10324/73260" metadataPrefix="marc">https://uvadoc.uva.es/oai/request</request><GetRecord><record><header><identifier>oai:uvadoc.uva.es:10324/73260</identifier><datestamp>2025-01-29T09:48:50Z</datestamp><setSpec>com_10324_1147</setSpec><setSpec>com_10324_931</setSpec><setSpec>com_10324_894</setSpec><setSpec>col_10324_1266</setSpec></header><metadata><record xmlns="http://www.loc.gov/MARC21/slim" xmlns:doc="http://www.lyncode.com/xoai" xmlns:xsi="http://www.w3.org/2001/XMLSchema-instance" xmlns:dcterms="http://purl.org/dc/terms/" xsi:schemaLocation="http://www.loc.gov/MARC21/slim http://www.loc.gov/standards/marcxml/schema/MARC21slim.xsd">
<leader>00925njm 22002777a 4500</leader>
<datafield tag="042" ind1=" " ind2=" ">
<subfield code="a">dc</subfield>
</datafield>
<datafield tag="720" ind1=" " ind2=" ">
<subfield code="a">Hernández Atienza, Fernando</subfield>
<subfield code="e">author</subfield>
</datafield>
<datafield tag="720" ind1=" " ind2=" ">
<subfield code="a">Rodríguez Sanz, Juan Antonio</subfield>
<subfield code="e">author</subfield>
</datafield>
<datafield tag="720" ind1=" " ind2=" ">
<subfield code="a">Tejerina Gaite, Fernando Adolfo</subfield>
<subfield code="e">author</subfield>
</datafield>
<datafield tag="260" ind1=" " ind2=" ">
<subfield code="c">2024</subfield>
</datafield>
<datafield tag="520" ind1=" " ind2=" ">
<subfield code="a">This research paper explores the impact of board diversity on firm performance, with a particular focus on different types of board members. The study examines gender, age, tenure, education, and nationality diversity among board members for their effects on firm performance. Using a multi-country dataset and various performance proxies, the paper employs panel regression analysis to assess the relationships. The findings reveal nuanced effects of diversity, with gender diversity among independent and non-executive directors, age diversity among executive directors, and education diversity among executives showing positive impacts. The dominant pathway among these effects is the strategic role of directors, as suggested by the resource dependence theory. However, the paper also highlights the inappropriateness of a one-size-fits-all approach to board diversity, which can have either positive or negative effects depending on the context. Overall, the research contributes to the understanding of board diversity and its implications for corporate governance and firm performance.</subfield>
</datafield>
<datafield tag="024" ind2=" " ind1="8">
<subfield code="a">Research in International Business and Finance, octubre 2024, vol. 72(A), 102501</subfield>
</datafield>
<datafield tag="024" ind2=" " ind1="8">
<subfield code="a">0275-5319</subfield>
</datafield>
<datafield tag="024" ind2=" " ind1="8">
<subfield code="a">https://uvadoc.uva.es/handle/10324/73260</subfield>
</datafield>
<datafield tag="024" ind2=" " ind1="8">
<subfield code="a">10.1016/j.ribaf.2024.102501</subfield>
</datafield>
<datafield tag="024" ind2=" " ind1="8">
<subfield code="a">102501</subfield>
</datafield>
<datafield tag="024" ind2=" " ind1="8">
<subfield code="a">Research in International Business and Finance</subfield>
</datafield>
<datafield tag="024" ind2=" " ind1="8">
<subfield code="a">72</subfield>
</datafield>
<datafield tag="245" ind1="0" ind2="0">
<subfield code="a">The pathways of board diversity in European contexts: Exploring the influence of director types on firm performance</subfield>
</datafield>
</record></metadata></record></GetRecord></OAI-PMH>